000 00244nam a2200097Ia 4500
008 230915s9999 xx 000 0 und d
050 _aTS 155 .H 3727 2011
100 _aHEIZER,JAY
245 0 _aPRINCIPLES OF OPERATIONS MANAGEMENT
942 _cBK
999 _c205708
_d205708